<?xml version="1.0" encoding="UTF-8"?>
<record
    xmlns:xsi="http://www.w3.org/2001/XMLSchema-instance"
    xsi:schemaLocation="http://www.loc.gov/MARC21/slim http://www.loc.gov/standards/marcxml/schema/MARC21slim.xsd"
    xmlns="http://www.loc.gov/MARC21/slim">

  <leader>01658naa a2200253 i 4500</leader>
  <controlfield tag="001">BPP</controlfield>
  <controlfield tag="003">BPK</controlfield>
  <controlfield tag="005">20180216161353.0</controlfield>
  <controlfield tag="008">151020s2005    pl     f     |100 0 pol</controlfield>
  <datafield tag="040" ind1=" " ind2=" ">
    <subfield code="c">BPK</subfield>
  </datafield>
  <datafield tag="080" ind1=" " ind2=" ">
    <subfield code="a">621.382</subfield>
  </datafield>
  <datafield tag="100" ind1=" " ind2=" ">
    <subfield code="a">KRA&#x15A;NIEWSKI, Jaros&#x142;aw.</subfield>
    <subfield code="d">1997 - .</subfield>
    <subfield code="b">Politechnika Koszali&#x144;ska - Wydzia&#x142; Elektroniki,</subfield>
    <subfield code="c">Katedra Element&#xF3;w i Miernictwa Elektronicznego</subfield>
  </datafield>
  <datafield tag="245" ind1=" " ind2=" ">
    <subfield code="a">Rejestracja proces&#xF3;w przej&#x15B;ciowych w elementach p&#xF3;&#x142;przewodnikowych w obecno&#x15B;ci oddzia&#x142;ywa&#x144; fotoelektrycznych i elektro-termicznych /</subfield>
    <subfield code="c">Jaros&#x142;aw Kra&#x15B;niewski.</subfield>
  </datafield>
  <datafield tag="260" ind1=" " ind2=" ">
    <subfield code="c">2005.</subfield>
  </datafield>
  <datafield tag="500" ind1=" " ind2=" ">
    <subfield code="a">Dane z autopsji.</subfield>
  </datafield>
  <datafield tag="520" ind1=" " ind2=" ">
    <subfield code="a">W pracy przedstawiono metod&#x119; rejestracji zmian napi&#x119;cia na z&#x142;&#x105;czu B-E pod wp&#x142;ywem na&#x15B;wietlania struktury tranzystorowej laserem. Czasowe przebiegi tego napi&#x119;cia s&#x105; wynikiem z&#x142;o&#x17C;onych oddzia&#x142;ywa&#x144; fotoelektrycznych i elektrotermicznych. Opisano budow&#x119; i zasad&#x119; dzia&#x142;ania uk&#x142;adu realizuj&#x105;cego pomiar. Na podstawie eksperymentu i zarejestrowanych zmian napi&#x119;cia powsta&#x142; model zachodz&#x105;cych proces&#xF3;w wraz z symulacj&#x105; w programie PSPICE. Nast&#x119;pnie dokonano analizy por&#xF3;wnawczej i zgodno&#x15B;ci jako&#x15B;ciowej wynik&#xF3;w eksperymentu z wynikami symulacji.</subfield>
  </datafield>
  <datafield tag="650" ind1=" " ind2="0">
    <subfield code="a">P&#xF3;&#x142;przewodniki.</subfield>
  </datafield>
  <datafield tag="650" ind1=" " ind2="0">
    <subfield code="a">Lasery p&#xF3;&#x142;przewodnikowe.</subfield>
  </datafield>
  <datafield tag="650" ind1=" " ind2="0">
    <subfield code="a">Symulacja.</subfield>
  </datafield>
  <datafield tag="655" ind1=" " ind2="0">
    <subfield code="a">Materia&#x142;y konferencyjne.</subfield>
  </datafield>
  <datafield tag="773" ind1=" " ind2=" ">
    <subfield code="i">W :</subfield>
    <subfield code="t">Czwarta Krajowa Konferencja Elektroniki : materia&#x142;y konferencji. T. 2/2. -</subfield>
    <subfield code="d">Koszalin : Wyd. Uczelniane Politechniki Koszali&#x144;skiej, 2005. -</subfield>
    <subfield code="g">s. 573-578</subfield>
  </datafield>
  <datafield tag="711" ind1=" " ind2=" ">
    <subfield code="a">Krajowa Konferencja Elektroniki</subfield>
    <subfield code="n">(4 ;</subfield>
    <subfield code="d">2005 ;</subfield>
    <subfield code="c">Dar&#x142;owko Wschodnie, Polska).</subfield>
    <subfield code="p">KKE'2005</subfield>
  </datafield>
  <datafield tag="942" ind1=" " ind2=" ">
    <subfield code="c">ART</subfield>
    <subfield code="2">UKD</subfield>
  </datafield>
  <datafield tag="999" ind1=" " ind2=" ">
    <subfield code="c">3700</subfield>
    <subfield code="d">3700</subfield>
  </datafield>
  <datafield tag="952" ind1=" " ind2=" ">
    <subfield code="0">0</subfield>
    <subfield code="1">0</subfield>
    <subfield code="4">0</subfield>
    <subfield code="7">0</subfield>
    <subfield code="a">BPK</subfield>
    <subfield code="b">BPK</subfield>
    <subfield code="o">77973</subfield>
    <subfield code="y">ART</subfield>
  </datafield>
</record>
